zpět

Detail výsledku týmu

Radniční sklípek, Bochov

Datum a čas kvízu

18 Celkem bodů Celkový počet nahraných bodů na tomto kvízu bez doplňovacích otázek.
4. Pořadí na kvízu Konečné umístění týmu na tomto kvízu.

Zaznamenané odpovědi

# Otázka Odpověď Body Výsledky
1. Prezidentské volby vyhrál o ví... Karlovarský, Ústecký, Moravskoslezský 1
2. Novým premiérem jedné země se... Nový Zéland 0
3. Americká Akademie filmového um... B) Všechno, všude, najednou 0
4. Minulý týden se k planetě Zemi... Neandertálská kometa 0
5. Tento 21letý český tenista svo... Jiří Lehečka 1
6. Toto jsou tři podoby jednoho z... Carlos, Šakal 0
7. Ziggy Stardust je mimozemská r... David Bowie 0
8. Pod kterou přezdívkou je znám... Skrillex 0
9. Přezdívky mají i státy USA. Do... 1D 2B 3C 4A 1
10. I mnozí sportovci si dávají př... Kaká 1